00612 2200229 4500001002100000005001700021008004100038035002400079082001100103090002100114100001400135245004800149260003200197300002800229500002900257650003100286850002100317980001400338985000600352986000900358999001500367YOGYA-0209000004257020090227025858.0 ind  0010-020900000042570 a658.11 a658.11bYuw IlT aYuwono, S aIkhtisar komunikasi administrasicS. Yuwono aYogyakartabLibertyc[1985] avi, 86 hlmbilusc21 cm aBibliografi : hlm. 85-86 aKomunikasi dalam manajemen aYOPDYOG [TRM 29] a31-7-2007 a1 aRuni a07A0024642